Výrobná technika návody na cvičenia 2

Bibliographic Details
Main Author: Svoreň, Ján, 1951- (Author)
Format: Book
Language:Slovak
PhysicalDescription:82 s. fotogr., sch., tab. 30 cm
Published: Vo Zvolene Technická univerzita 2001
ISBN:8022809950
Subjects:

MARC

LEADER 00000nam a2200000 a 4500
001 vtls001419398
003 SK-MaSNL
005 20260301044620.0
008 240315s2001 xo ap r yy slo
015 |a SNBA2002/02-00576 
020 |a 8022809950 
035 |a SNK000374213 
035 |a urn:nbn:sk:snk-amltz6 
035 |a urn:nbn:sk:snk-am00cd0h 
035 |a D763BAB9-07AE-408B-BE04-18D10D0FCA25 
040 |a SNK  |b slo  |c SNK  |e AACR2 
041 0 |a slo 
044 |a xo  |c SK 
080 |a 621.93:674.02(075.8)(076.5)  |2 1981 
080 |a 674.02(075.8)(076.5)  |2 1981 
100 1 |a Svoreň, Ján,  |d 1951-  |4 aut  |9 205033 
245 1 |a Výrobná technika  |b návody na cvičenia  |n 2  |c Ján Svoreň 
260 |a Vo Zvolene  |b Technická univerzita  |c 2001 
300 |a 82 s.  |b fotogr., sch., tab.  |c 30 cm 
500 |a 150 výt. 
504 |a Bibliogr. s. 82 
650 0 7 |a výrobná technika  |2 SNKPH  |9 179809 
650 0 7 |a drevoobrábacie stroje  |2 SNKPH  |9 20223 
655 7 |a učebnice vysokých škôl  |2 SNKPH  |9 70191 
752 |d Zvolen 650 
919 |a 80-228-0995-0 
958 |a TL 
958 |a NB 
958 |a UV 
999 |c 596409  |d 598339 
952 |t P60, <03>, [BOOK], {603}  |a SNK  |b SNK  |y PREZ  |7 0  |p 17A0312775  |o snkSB 63889/2  |i snkKSP 10320/2001  |0 0  |1 0  |4 0  |d 2001-09-04  |f 1  |l 0  |r 2025-04-17 00:00:00  |w 2026-02-23 
952 |t P60, <04>, [BOOK], {604}  |a SNK  |b SNK  |y VYP  |7 0  |p 17A0312776  |o snkSB 63889/2 D1  |i snkKSP 10321/2001  |0 0  |1 0  |4 0  |d 2001-09-04  |l 0  |r 2005-01-02 00:00:00  |w 2026-02-23